Statistics for Spell the Marvel Character #2

Click here to take the quiz!

General Stats

  • This quiz has been taken 37 times
  • The average score is 10 of 11

Answer Stats

Answer% Correct
Doctor Strange
100%
Gamora
100%
Iron Man
100%
Rocket Raccoon
100%
Wolverine
100%
Professor X
97%
Star-lord
97%
Elektra
94%
Nova
77%
Spider-Gwen
74%
Echo
71%

Score Distribution

Percentile by Number Answered

Percent of People with Each Score

Your Score History

You have not taken this quiz